| 000 | 01327cam a2200361 a 4500 | ||
|---|---|---|---|
| 001 | 6363 | ||
| 003 | FISKH | ||
| 005 | 20250828145525.0 | ||
| 008 | 090702s2010 nyua j b 000 0 eng | ||
| 010 | _a 2009024208 | ||
| 020 | _a9780823422470 | ||
| 020 | _a9780545477574 | ||
| 020 | _a082342247X | ||
| 040 |
_aDLC _cDLC _dDLC _beng |
||
| 050 | _aSF538.C65 R68 | ||
| 082 | _a638.1 | ||
| 100 | 1 | _aRotner, Shelley. | |
| 245 | 1 | 4 |
_a The buzz on bees : _bwhy are they disappearing? / _cby Shelley Rotner & Anne Woodhull ; photographs by Shelley Rotner. |
| 260 |
_aNew York : _bScholastic, _c2010. |
||
| 300 |
_a32 unnumbered pages : _bcolor illustrations ; _c22 x 26 cm. |
||
| 504 | _aIncludes bibliographical references. | ||
| 520 | _aHoneybees, which pollinate many types of plants, are disappearing. Learn the possible explanations for bees' disappearance, what scientists are doing to address the problem, and what you can do. | ||
| 521 | 1 | _a005-008. | |
| 650 | 0 |
_aColony collapse disorder of honeybees _vJuvenile literature. |
|
| 650 | 0 |
_aHoneybee _vJuvenile literature. |
|
| 650 | 1 | _aColony collapse disorder of honeybees. | |
| 650 | 1 | _aHoneybee. | |
| 650 | 1 | _aBees. | |
| 700 | 1 |
_aWoodhull, Anne Love. _eAuthor |
|
| 906 |
_a7 _bcbc _corignew _d1 _eecip _f20 _gy-gencatlg |
||
| 942 |
_2ddc _cBK _n0 |
||
| 999 |
_c6363 _d6363 |
||